You can't manage alone (Record no. 84732)
[ view plain ]
| 000 -LEADER | |
|---|---|
| fixed length control field | 00707nam a22002417a 4500 |
| 003 - CONTROL NUMBER IDENTIFIER | |
| control field | OSt |
| 005 - DATE AND TIME OF LATEST TRANSACTION | |
| control field | 20250828100454.0 |
| 008 - FIXED-LENGTH DATA ELEMENTS--GENERAL INFORMATION | |
| fixed length control field | 250327b ||||| |||| 00| 0 eng d |
| 040 ## - CATALOGING SOURCE | |
| Transcribing agency | URS |
| 050 ## - LIBRARY OF CONGRESS CALL NUMBER | |
| Classification number | HF5549 |
| Item number | .M67 1985 |
| 100 ## - MAIN ENTRY--PERSONAL NAME | |
| 9 (RLIN) | 11751 |
| Personal name | Morgan, John Smith |
| 245 ## - TITLE STATEMENT | |
| Title | You can't manage alone |
| Remainder of title | Practical prayers for conscientious managers |
| 264 ## - PRODUCTION, PUBLICATION, DISTRIBUTION, MANUFACTURE, AND COPYRIGHT NOTICE | |
| Place of production, publication, distribution, manufacture | Manila |
| Name of producer, publisher, distributor, manufacturer | National Book Store |
| Date of production, publication, distribution, manufacture, or copyright notice | ©1985 |
| 300 ## - PHYSICAL DESCRIPTION | |
| Extent | 266 pages.,: |
| Dimensions | 18 cm. |
| 336 ## - CONTENT TYPE | |
| Source | rdacontent |
| Content type term | text |
| 337 ## - MEDIA TYPE | |
| Source | rdamedia |
| Media type term | unmediated |
| 338 ## - CARRIER TYPE | |
| Source | rdacarrier |
| Carrier type term | volume |
| 650 #0 - SUBJECT ADDED ENTRY--TOPICAL TERM | |
| 9 (RLIN) | 1297 |
| Topical term or geographic name entry element | Personnel management |
| 650 #0 - SUBJECT ADDED ENTRY--TOPICAL TERM | |
| 9 (RLIN) | 1362 |
| Topical term or geographic name entry element | Employee motivation |
| 650 #0 - SUBJECT ADDED ENTRY--TOPICAL TERM | |
| 9 (RLIN) | 11752 |
| Topical term or geographic name entry element | Inspiration |
| 700 ## - ADDED ENTRY--PERSONAL NAME | |
| 9 (RLIN) | 11753 |
| Personal name | Philp, J.R. |
| 942 ## - ADDED ENTRY ELEMENTS (KOHA) | |
| Source of classification or shelving scheme | Library of Congress Classification |
| Koha item type | Continuing Resources |
| Withdrawn status | Source of classification or shelving scheme | Damaged status | Not for loan | Collection code | Home library | Current library | Date acquired | Total Checkouts | Full call number | Barcode | Date last seen | Price effective from | Koha item type |
|---|---|---|---|---|---|---|---|---|---|---|---|---|---|
| Library of Congress Classification | Non-fiction | Morong Graduate Library | Morong Graduate Library | 03/27/2025 | HF5549 .M67 1985 | URSMOR-GL-2630 | 03/27/2025 | 03/27/2025 | Continuing Resources | ||||
| Library of Congress Classification | Non-fiction | Morong Graduate Library | Morong Graduate Library | 03/27/2025 | HF5549 .M67 1985 | URSMOR-GL-2631 | 03/27/2025 | 03/27/2025 | Continuing Resources | ||||
| Library of Congress Classification | Non-fiction | Morong Graduate Library | Morong Graduate Library | 03/27/2025 | HF5549 .M67 1985 | URSMOR-GL-2632 | 03/27/2025 | 03/27/2025 | Continuing Resources | ||||
| Library of Congress Classification | Non-fiction | Morong Graduate Library | Morong Graduate Library | 03/27/2025 | HF5549 .M67 1985 | URSMOR-GL-2633 | 03/27/2025 | 03/27/2025 | Continuing Resources | ||||
| Library of Congress Classification | Non-fiction | Morong Graduate Library | Morong Graduate Library | 03/27/2025 | HF5549 .M67 1985 | URSMOR-GL-2634 | 03/27/2025 | 03/27/2025 | Continuing Resources | ||||
| Library of Congress Classification | Non-fiction | Morong Graduate Library | Morong Graduate Library | 03/27/2025 | HF5549 .M67 1985 | URSMOR-GL-2635 | 03/27/2025 | 03/27/2025 | Continuing Resources | ||||
| Library of Congress Classification | Non-fiction | Morong Graduate Library | Morong Graduate Library | 03/27/2025 | HF5549 .M67 1985 | URSMOR-GL-2636 | 03/27/2025 | 03/27/2025 | Continuing Resources | ||||
| Library of Congress Classification | Non-fiction | Morong Graduate Library | Morong Graduate Library | 03/27/2025 | HF5549 .M67 1985 | URSMOR-GL-2637 | 03/27/2025 | 03/27/2025 | Continuing Resources | ||||
| Library of Congress Classification | Non-fiction | Morong Graduate Library | Morong Graduate Library | 03/27/2025 | HF5549 .M67 1985 | URSMOR-GL-2638 | 03/27/2025 | 03/27/2025 | Continuing Resources | ||||
| Library of Congress Classification | Non-fiction | Morong Graduate Library | Morong Graduate Library | 03/27/2025 | HF5549 .M67 1985 | URSMOR-GL-2639 | 03/27/2025 | 03/27/2025 | Continuing Resources |